Možnosti publikovania informácií v polygrafickom priemysle

Uložené v:
Podrobná bibliografia
Hlavný autor: Staňo, Michal (Autor)
Ďalší autori: Gál, Lukáš (Vedúci práce)
Médium: Rukopis Kniha
Jazyk:Slovak
Vydavateľské údaje: 2015
Predmet:
On-line prístup:http://is.stuba.sk/zp/portal_zp.pl?podrobnosti=92889
Tagy: Pridať tag
Žiadne tagy, Buďte prvý, kto otaguje tento záznam!

MARC

LEADER 00000ntm a22000003a 4500
001 stuzp51848
003 SK-STU
005 20160719154001.4
007 ta
008 150427s2015----xo-----f-mn---000-0-slo-d
040 |a STU  |b slo 
041 0 |a slo 
100 1 |a Staňo, Michal  |u 049160  |4 aut  |U FCHPT Ústav prírodných a syntetických polymérov  |T FCHPT Oddelenie polygrafie a aplikovanej fotochémie  |X 69566  |U C9160  |Y 127  |7 69566 
242 0 1 |a Possibility of Publishing Information in the Printing Industry  |y eng 
245 1 0 |a Možnosti publikovania informácií v polygrafickom priemysle 
260 |c 2015 
650 4 |a porovnanie  |2 slo 
650 4 |a Google Analytics  |2 slo 
650 4 |a publikovanie informácií  |2 slo 
650 4 |a kľúčové slová  |2 slo 
650 4 |a tlač  |2 slo 
650 4 |a reklama  |2 slo 
650 4 |a Google  |2 slo 
650 4 |a Facebook  |2 slo 
650 4 |a Google Adwords  |2 slo 
650 4 |a Facebook  |2 eng 
650 4 |a GoogleAnalytics  |2 eng 
650 4 |a printing  |2 eng 
650 4 |a advertising  |2 eng 
650 4 |a information publishing,  |2 eng 
650 4 |a keywords  |2 eng 
650 4 |a Google  |2 eng 
650 4 |a GoogleAdWords  |2 eng 
650 4 |a comparison  |2 eng 
700 1 |a Gál, Lukáš  |4 ths  |X 22039  |7 A000022039 
856 4 |u http://is.stuba.sk/zp/portal_zp.pl?podrobnosti=92889 
SQL |a stuzp51848  |b DBP  |c SLO  |d Možnosti publikovania informácií v polygrafickom priemysle  |e 69566  |f Staňo, Michal  |g 049160  |h 22039  |i Gál, Lukáš  |j 20150715  |k 753  |l 04  |m http://is.stuba.sk/zp/portal_zp.pl?podrobnosti=92889  |n B-CHEMAT  |o 4.1.14. chémia, 5.2.18. chemické technológie